| 000 | 00000nam##2200000za#4500 |
| 001 | 9.568435 |
| 003 | CaOODSP |
| 005 | 20240215150447 |
| 007 | cr ||||||||||| |
| 008 | 150406|2005||||xxc|||||o f|0| 0 eng|d |
| 040 | |aCaOODSP|beng |
| 043 | |an-cn--- |
| 086 | 1 |aPS83-3/167E-PDF |
| 110 | 2 |aCorrectional Service Canada. |
| 245 | 10|aDevelopment and field-test of a gender-informed security reclassification scale for women offenders / |h[electronic resource]|c[by] Kelley Blanchette and Kelly Taylor. |
| 260 | |bCorrectional Service Canada |cMay 2005. |
| 300 | |a84p.|bgraphs, references, tables |
| 490 | 1 |aResearch report|vR-167 |
| 590 | |a10-11-Supp|b2010-11-10 |
| 720 | 1 |aBlanchette, Kelley |
| 720 | 1 |aTaylor, Kelly |
| 775 | 08|tÉlaboration et essai d'une échelle sexospécifique de réévaluation du niveau de sécurité pour les délinquantes / |w(CaOODSP)9.599716 |
| 830 | #0|aResearch report (Correctional Service Canada. Research Branch)|vR-167|w(CaOODSP)9.506063 |
| 856 | 40|ahttp://publications.gc.ca|qPDF|s362 KB|uhttps://publications.gc.ca/collections/collection_2010/scc-csc/PS83-3-167-eng.pdf|yR-167 |